EG data (Record no. 77044)

MARC details
000 -LEADER
fixed length control field 01071cab a2200205 4500
001 - CONTROL NUMBER
control field ##L133501
008 - FIXED-LENGTH DATA ELEMENTS--GENERAL INFORMATION
fixed length control field 060515n2006 000 0 eng u
035 ## - SYSTEM CONTROL NUMBER
System control number (Sirsi) u133501
041 0# - LANGUAGE CODE
Language code of text/sound track or separate title eng
110 #2 - MAIN ENTRY--CORPORATE NAME
Corporate name or jurisdiction name as entry element Jones Lang LaSalle
9 (RLIN) 3755
245 00 - TITLE STATEMENT
Title EG data
Remainder of title JLL monthly prime yields
260 ## - PUBLICATION, DISTRIBUTION, ETC.
Date of publication, distribution, etc. 2006
490 #0 - SERIES STATEMENT
Series statement Estates Gazette
Volume/sequential designation (0618) 6 May 2006, 52(1)
520 ## - SUMMARY, ETC.
Summary, etc. Presents April 2006 prime yield data for the retail, office and industrial sectors. The yields are generated by Jones Lang LaSalle (JLL) and are based on evidence derived from the latest deals by JLL and other agents. April yields have fallen to record lows. The all-property yield fell to 4.66%, the prime retail yield held firm at 4.42% and the all-office yield also decreased to 4.67%. Strong demand and a lack of product continued to drive industrial yields lower to 5.25%. Graphs and tables.
590 ## - LOCAL NOTE (RLIN)
Local note IKA230506
650 24 - SUBJECT ADDED ENTRY--TOPICAL TERM
Topical term or geographic name entry element JLL MONTHLY PRIME YIELDS
651 #4 - SUBJECT ADDED ENTRY--GEOGRAPHIC NAME
Geographic name United Kingdom
Chronological subdivision
690 ## - LOCAL SUBJECT ADDED ENTRY--TOPICAL TERM (OCLC, RLIN)
Topical term or geographic name as entry element PROPERTY-COMMERCIAL PROPERTY-COMMERCIAL PROPERTY FINANCE AND INVESTMENT
942 ## - ADDED ENTRY ELEMENTS (KOHA)
Suppress in OPAC 0
Holdings
Withdrawn status Lost status Source of classification or shelving scheme Damaged status Not for loan Home library Current library Shelving location Date acquired Total Checkouts Full call number Barcode Date last seen Copy number Price effective from Koha item type
    Dewey Decimal Classification     London London Journal article 15/05/2006   L133501 133501-1001 06/08/2019 1 06/08/2019 Journal article